00424nam a2200181Ia 4500003000400000005001700004008004100021020001400062040000700076041000800083082001500091100002200106245002800128260003800156300001500194365000800209650002500217OSt20230425153228.0210423s1977 xx 000 0 und d a417022510 cAL aeng a581.1 ESAK aESAU (Katherine). aAnatomy of seed plants. aNew YorkbJohn Wiley & Sonsc1977 axx,550bPB cINR aPhysiology of Plants